| 000 | 00659cab a2200217 4500 | ||
|---|---|---|---|
| 001 | ABS49951 | ||
| 008 | 090401t1994 xxu||||| |||| 00| 0 eng d | ||
| 035 | _a(Sirsi) u73456 | ||
| 041 | _aeng | ||
| 100 | _aLarkham, P.J. | ||
| 245 | _aConservation areas and plan-led planning : how far can we go? | ||
| 260 | _c1994 | ||
| 350 | _a0 | ||
| 490 |
_aJournal of Planning and Environment Law _vJanuary 1994, 8-12(5) |
||
| 520 | _aExamines the role of conservation areas within local authority development plans. References. | ||
| 650 | _aCONSERVATION AREAS | ||
| 650 | _aDEVELOPMENT PLANS | ||
| 690 | _aCONSERVATION | ||
| 942 | _n0 | ||
| 948 | _c04/03/1997 | ||
| 999 |
_c46431 _d46431 |
||